Riconosci lo Stato - Quiz n°128 - Statistics

Statistiche generali
  • Questo quiz è stato fatto 22 volte
  • Il punteggio medio è 10 su 13
Statistiche sulle risposte
Indizio Risposta % Corretto
Valuta franco CFA UEMOA
94%
Popolazione 28 160 542 ab.
89%
Superficie 322 460 km²
89%
Indipendenza dalla Francia il 7 agosto 1960
89%
Fuso Orario UTC+0
89%
Iniziale della Capitale Y
89%
Presidente della Repubblica Alassane Ouattara
83%
Forma di Governo Repubblica semipresidenziale
72%
Primo ministro Robert Beugré Mambé
72%
PIL (nominale) 24 706 milioni di $
67%
ISU 0,400
61%
Tasso di crescita 2,48%
61%
Risposta Costa d'Avorio
61%
Nessun quiz corrispondente trovato
Distribuzione punteggi
Percentuale di utenti per punteggio
Percentile per numero di risposta
I tuoi punteggi nel tempo
Non hai fatto questo quiz